| 000 | 02025nam a2200337 a 4500 | ||
|---|---|---|---|
| 001 | 000000517 | ||
| 003 | DO-SdBNP | ||
| 005 | 20171011132015.0 | ||
| 007 | 000000517 | ||
| 008 | 081128s1977 dr ac 000 0 spa d | ||
| 020 | _a9788484010104 | ||
| 040 |
_aBPMSU _bspa _cBPMSU |
||
| 082 | 4 |
_a972.93 _bS366s |
|
| 100 | 1 | _aSchoenrich, Otto | |
| 240 | 1 | 0 |
_aSanto Domingo a country with a future _lespañol |
| 245 | 1 | 0 |
_aSanto Domingo un país con futuro / _cOtto Schoenrich ; traducción Eduardo Villanueva. |
| 260 |
_aSanto Domingo : _bEditora de Santo Domingo, _c1977. |
||
| 300 |
_a368 p. : _bil., retrs. ; _c23 cm. |
||
| 500 | _aTraducción de: Santo Domingo a country with a future | ||
| 505 | 0 |
_tBosquejo histórico. Días de la conquista 1492 a 1533 -- _tBosquejo histórico, vicisitudes coloniales -- 1533 a 1801 -- _tBosquejo histórico -- Cambios de gobierno 1801 a 1844 -- _tBosquejo histórico -- Primera República y anexión Española 1844 a 1865 -- _tBosquejo histórico. Segunda República. Revoluciones y dictaduras 1863 a 1904 -- _tBosquejo histórico -- Influencia americana 1904 a la fecha (1918) -- _tÁrea y fronteras -- _tTopografía y clima -- _tGeología y minerales -- _tFlora y fauna -- _tLa gente -- _tReligión -- _tEducación y literatura -- _tMedios de transporte y comunicación -- _tComercio -- _tCiudades y pueblos -- _tLos restos de Colón -- _tGobierno -- _tPolítica y revoluciones -- _tLeyes y justicia -- _tLa deuda dominicana y el tratado fiscal con los Estados Unidos -- _tFinanzas -- _tEl futuro de Santo Domingo. |
|
| 581 | _aPublicado originalmente en inglés en 1918. | ||
| 650 | 4 |
_aCIUDADES Y PUEBLOS _zREPÚBLICA DOMINICANA |
|
| 651 | 4 |
_aREPÚBLICA DOMINICANA _xHISTORIA |
|
| 651 | 4 |
_aREPÚBLICA DOMINICANA _xVIDA SOCIAL Y COSTUMBRES |
|
| 651 | 4 |
_aREPÚBLICA DOMINICANA _xDESCRIPCIONES Y VIAJES |
|
| 700 | 1 | 2 |
_aVillanueva, Eduardo, _etr. |
| 910 | _aValidado. Control de calidad BNPHU | ||
| 942 |
_2ddc _cBK |
||
| 945 | _aInventariado / 2017 VM | ||
| 956 |
_aVMATEO _b10 _c20150723 _lBPMSU _h00151 |
||
| 999 |
_c8003 _d8003 |
||